Normal view
MARC view
Entry Nombre personal
001 - NÚMERO DE CONTROL
- campo de control: 34212
003 - IDENTIFICADOR DE NÚMERO DE CONTROL
- campo de control: BJBSDDR
005 - FECHA Y HORA DE LA ÚLTIMA TRANSACCIÓN
- campo de control: 20240206124216.0
008 - ELEMENTOS DE DATO DE LONGITUD-FIJA
- campo de control de longitud fija: 240206|| aca||aabn | a|a d
040 ## - FUENTE DE CATALOGACIÓN
- Centro catalogador/agencia de origen: BJBSDDR
100 0# - ENCABEZAMIENTO-NOMBRE DE PERSONA
- Nombre de persona: Felipe,
- Numeración: II,
- Títulos y otros términos asociados al nombre: Rey de España,
- Fechas asociadas al nombre: 1527-1598


